000 00600nam a22002177a 4500
005 20170124110148.0
010 _a628862
020 _c00.00
035 _a628862
037 _bCen Lib/Ret
040 _aDPL
_bEN
082 _a658.54
_bLAR
100 _aLarkin, J. A.
_933835
245 _aWork study :
_cby J A Larkin
_btheory and practice /
260 _aBombay
_bTata McGraw-Hill
_c1969
300 _ax,246p. :
_c21cm(Hb)
_bill.
500 _aIncludes index
650 _aMethods engineering
_933836
650 _aWork measurement
_925618
942 _2ddc
_cEN
_h658.54
_mLAR
999 _c132149
_d132149